000 01367nam a2200373Ia 4500
001 Z_6458
003 CHAP
008 220113s2009 xx 000 0 und d
010 _a169723
020 _a978-958-8203-06-5 \ 978-958-96086-7-8 (obra completa)
040 _cCHAP
082 _a636.5085 D87
100 1 _aDurán Ramírez, Felipe
_934702
245 _aManejo y nutrición en aves de corral: construcciones, equipo, manejo, nutrición /
_cFelipe Durán Ramírez, diseño editorial Jaime Durán Naranjo, fotografía Felipe Durán Ramírez, Eduardo Durán Naranjo...[et al]
260 _aColombia :
_bGrupo Latino Editores,
_c2009
300 _a320 p.
440 _a(Granja Integral)
_950385
503 _aej.1: consumo \ ej.2: consumo
504 _aBibliografía: p. 319 - 320, incluye índice
650 _aAves de corral
_x
_x Alimentación
_9144845
650 _aAves de corral
_x
_x Construcciones
_9144846
650 _aAves de corral
_x
_x Equipo
_9144847
650 _aAves de corral
_x
_x Nutrición
_9142925
650 _aAvicultura
_xCrianza
_9131092
700 _a Durán Naranjo, Eduardo, fot.
_9142206
700 _a Durán Ramírez, Felipe, fot.
_9144848
700 _aDurán Naranjo, Jaime, diseño editorial
_9144849
901 _a636.5085 D87
902 _aM
910 _a2009
942 _c1
942 _cc1
999 _c169723
_d169723